Bach trascritto da Mozart-Preludi e fughe per trio d'archi K. 404 A (Record n. 100764)
[ formato base ]
| 000 -LEADER | |
|---|---|
| fixed length control field | 01241njm a2200277Ia 4500 |
| 001 - CONTROL NUMBER | |
| control field | 24234 |
| 003 - CONTROL NUMBER IDENTIFIER | |
| control field | IT-RoPAU |
| 005 - DATE AND TIME OF LATEST TRANSACTION | |
| control field | 20220918181133.0 |
| 008 - FIXED-LENGTH DATA ELEMENTS--GENERAL INFORMATION | |
| fixed length control field | 131025s9999 xx 000 0 und d |
| 040 ## - CATALOGING SOURCE | |
| Original cataloging agency | IT-RoPAU |
| 040 ## - CATALOGING SOURCE | |
| Transcribing agency | IT-RoPAU |
| 999 ## - SYSTEM CONTROL NUMBERS (KOHA) | |
| Koha Dewey Subclass [OBSOLETE] | n.d. |
| 100 ## - MAIN ENTRY--PERSONAL NAME | |
| Personal name | Mozart Wolfgang Amadeus |
| 9 (RLIN) | 1525 |
| 100 ## - MAIN ENTRY--PERSONAL NAME | |
| Relator term | Autore musica |
| 9 (RLIN) | 9668 |
| 100 ## - MAIN ENTRY--PERSONAL NAME | |
| Miscellaneous information | Codice autore musica SPICS: 3486 |
| 9 (RLIN) | 1527 |
| 245 ## - TITLE STATEMENT | |
| Title | Bach trascritto da Mozart-Preludi e fughe per trio d'archi K. 404 A |
| 250 ## - EDITION STATEMENT | |
| Edition statement | 1a ed. |
| 260 ## - PUBLICATION, DISTRIBUTION, ETC. (IMPRINT) | |
| Place of publication, distribution, etc. | VARESE |
| 260 ## - PUBLICATION, DISTRIBUTION, ETC. (IMPRINT) | |
| Name of publisher, distributor, etc. | ARION - DUCALE |
| Date of publication, distribution, etc. | 1975 [1a Ed.:1975 - Ed. Lingua Orig.: 1782] |
| 300 ## - PHYSICAL DESCRIPTION | |
| Extent | DISCO |
| 300 ## - PHYSICAL DESCRIPTION | |
| Dimensions | 46 minuti (Testo: pag.) |
| 500 ## - GENERAL NOTE | |
| General note | Musica classica. |
| 505 ## - FORMATTED CONTENTS NOTE | |
| Formatted contents note | Sei fughe a tre voci (precedute da sei adagi, di cui 4 di Mozart e due di Bach) trascritte per violino, viola e violoncello K. 404 in fa minore - Preludio (adagio) - Fuga (allegro) da "L'arte della fuga" di J.S. Bach contrapunctus in fa maggiore - Da "Il clavicembalo ben temperato vol. 2 N. 13 in fa maggiore - Dalla "Trisonata" n. 3 per organo di Bach in sol minore - Dalla "Trisonata" n. 2 per organo di Bach per violino, viola, violoncello. |
| 650 ## - SUBJECT ADDED ENTRY--TOPICAL TERM | |
| Topical term or geographic name as entry element | CLASSICA [DISCHI] |
| Relator term | Codice MATERIA SPICS: 9950 |
| 9 (RLIN) | 1157 |
| 942 ## - ADDED ENTRY ELEMENTS (KOHA) | |
| Koha item type | DISCHI |
| Source of classification or shelving scheme | Dewey Decimal Classification |
| Withdrawn status | Lost status | Damaged status | Not for loan | Home library | Current library | Date acquired | Total Checkouts | Full call number | Date last seen | Price effective from | Koha item type | Public note |
|---|---|---|---|---|---|---|---|---|---|---|---|---|
| Buone Condizioni | Not For Loan | SPICS-MEDIATECA | SPICS-MEDIATECA | 25/10/2013 | 24234 | 25/10/2013 | 25/10/2013 | DISCHI | Progr. Ins.: 5081 / N.Vol.: 1 / Copie: 1 - Copia rara: n.d. / date import: 01.01.2014 - By Epidotti, Trombetti, Vaglietti |